| 000 | 00423nam a22001697a 4500 | ||
|---|---|---|---|
| 003 | OSt | ||
| 005 | 20211022104441.0 | ||
| 008 | 211022b |||||||| |||| 00| 0 eng d | ||
| 020 | _a9251014558 | ||
| 040 | _cHAAWASSA UNIVERSITY | ||
| 050 |
_a631.47/GUI _b5 |
||
| 082 |
_a631.47/GUI _b5 |
||
| 245 | _aGUIDELINES LAND EVALUATION FOR RAINFED AGRICULTURE | ||
| 260 |
_bFAO _c1985 |
||
| 300 | _axii/237 | ||
| 942 |
_2ddc _cBOOKS _n0 |
||
| 999 |
_c14348 _d14348 |
||